000 00624nam a2200253Ia 4500
005 20260306154510.0
008 008 260114s9999 xx 000 0 eng d
020 _a9781108241649
037 _aEBOOK
040 _aCRL
040 _beng
040 _cCRL
041 _2eng
041 _aeng
084 _qCRL
100 _aAtkins/Bénatouïl
_91127687
245 4 _aThe Cambridge Companion to Cicero's Philosophy
260 _bCambridge University Press
260 _c2021
650 _a Philosophy
856 _uhttps://doi.org/10.1017/9781108241649
942 _cEBOOK
999 _c1707760
_d1707760